00857cam a22002413a 450000100060000000300060000600500170001200800410002904000150007004200070008505000070009210000390009924501070013826000290024550000650027450600300033951600200036965300510038965300740044070000300051483000290054485600420057319439PGUSA20140828083419.0061002s2006||||xxu|||||s|||||000 1 eng d aPGUSAbeng adc 4aPS1 aStowe, Harriet Beecher,d1811-189610aVaimoni ja minä eli Harry Hendersonin elämäkertah[electronic resource] /cHarriet Beecher Stowe bProject Gutenberg,c2006 aTranslation of: My Wife and I: or, Harry Henderson's History aPublic domain in the USA. aElectronic text aWomen -- Social and moral questions -- Fiction aNew York (N.Y.) -- Social life and customs -- 19th century -- Fiction1 aSandelin, Hj.,d1852-1877 0aProject Gutenbergv1943940uhttp://www.gutenberg.org/ebooks/19439